All UCL Winners - Statistics

General Stats
  • This quiz has been taken 21 times
  • The average score is 18 of 24
Answer Stats
Hint Answer % Correct
7 UCL AC Milan
100%
5 UCL Barcelona
100%
6 UCL Bayern Munich
100%
15 UCL Real Madrid
100%
3 UCL Inter Milan
94%
6 UCL Liverpool
94%
1 UCL Manchester City
94%
3 UCL Manchester United
94%
4 UCL Ajax
88%
2 UCL Chelsea
88%
2 UCL Juventus
88%
1 UCL PSG
88%
2 UCL Nottingham Forest
76%
1 UCL Celtic
71%
1 Champions league Dortmund
71%
2 UCL Porto
71%
1 UCL Aston Villa
65%
2 UCL Benfica
65%
1 UCL Marseille
65%
1 UCL Hamburg
59%
1 UCL PSV
47%
1 UCL Red Star Belgrade
35%
1 UCL Bucharest
29%
1 UCL Feijenoord
0%
No matching quizzes found
Score Distribution
Percent of People with Each Score
Percentile by Number Answered
Your Score History
You have not taken this quiz